000 00643nam a2200193 a 4500
001 000007908
005 20200929154339.0
008 960117s1990 cu b 001 1 spa
040 _aDO-SdBNP
_bspa
_cBNPHU
082 _aV863.4
_bU86L
100 1 _aUslar Pietri, Arturo,
_99224
245 1 4 _aLas lanzas coloradas /
_cArturo Uslar Pietri.
260 _aLa Habana :
_bCasa de las Américas,
_c1990.
300 _a241 [32] p. ;
_c20 cm.
490 0 _aLiteratura Latinoaméricana
650 4 _aNovela venezolana
_93962
650 4 _aLiteratura venezolana
_93816
651 4 _aVenezuela
_xHistoria
_yGUERRA DE LA INDEPENDENCIA, 1810-1823
_xNovela
_921691
999 _c7686
_d7686